Fragmenta antiquitatis (Record no. 113969)

MARC details
000 -LEADER
fixed length control field 01051cam a22002175a 4500
001 - CONTROL NUMBER
control field L155999
008 - FIXED-LENGTH DATA ELEMENTS--GENERAL INFORMATION
fixed length control field 120424s1815 xxk f 000 0 eng d
035 ## - SYSTEM CONTROL NUMBER
System control number (Sirsi) u155999
041 0# - LANGUAGE CODE
Language code of text/sound track or separate title eng
100 1# - MAIN ENTRY--PERSONAL NAME
Personal name Blount, Thomas
Dates associated with a name 1618-1679
245 00 - TITLE STATEMENT
Title Fragmenta antiquitatis
Remainder of title or, Ancient tenures of land, and jocular customs of manors.
Statement of responsibility, etc. Originally published by Thomas Blount, esq. ... Enlarged and corrected by Josiah Beckwith ... with considerable additions from authentic sources, by Hercules Malebysse Beckwith
260 ## - PUBLICATION, DISTRIBUTION, ETC.
Place of publication, distribution, etc. London
Name of publisher, distributor, etc. Printed by S. Brooke, Paternoster-Row, for for Messrs. Butterworth and Son ... Longman, Hurst, Rees, Orme and Brown, ... and Reed and Hunter ...
Date of publication, distribution, etc. 1815
300 ## - PHYSICAL DESCRIPTION
Extent xvi, 670, xxviii, xxi, [1] p.
Dimensions 30 cm.
520 ## - SUMMARY, ETC.
Summary, etc. The third edition; the first appeared in 1679, the second in 1784.
583 ## - ACTION NOTE
Action Condition reviewed
Time/date of action 20120620
Status condition level 1
651 #4 - SUBJECT ADDED ENTRY--GEOGRAPHIC NAME
Geographic name Great Britain
Chronological subdivision 1707-
690 ## - LOCAL SUBJECT ADDED ENTRY--TOPICAL TERM (OCLC, RLIN)
Topical term or geographic name as entry element Land use
9 (RLIN) 6251
700 1# - ADDED ENTRY--PERSONAL NAME
Personal name Beckwith, Josiah
Dates associated with a name b. 1734
700 1# - ADDED ENTRY--PERSONAL NAME
Personal name Beckwith, Hercules Malebysse
942 ## - ADDED ENTRY ELEMENTS (KOHA)
Suppress in OPAC 0
Holdings
Withdrawn status Lost status Damaged status Not for loan Home library Current library Shelving location Date acquired Total Checkouts Full call number Barcode Date last seen Copy number Price effective from Koha item type
        Historic collection Historic collection Historic collection 24/04/2012   LAND QUARTO 1815 BLOUNT 30077931 20/08/2025 1 06/08/2019 Book